000 00443nam a22001337a 4500
008 160308b xxu||||| |||| 00| 0 eng d
050 _aBX839.A4 P294
100 _aPastoral Centre
_923489
245 _aThe African Synod
_bOur way in
_cPastoral Centre
260 _aZimbabwe
_bMajor Religious superiors Zimbabwe
_bPastoral Centre Harare
_c1991
300 _a30p.'
_c21cm.
650 _aSynod of Bishops
_zAfrica
_922809
942 _2lcc
_cMONOGRAPH
999 _c124330
_d124330